Demographic shifts (Record no. 121200)
[ view plain ]
| 000 -LEADER | |
|---|---|
| fixed length control field | 01557nam a2200217 4500 |
| 001 - CONTROL NUMBER | |
| control field | K121200 |
| 008 - FIXED-LENGTH DATA ELEMENTS--GENERAL INFORMATION | |
| fixed length control field | 200205b2020 ||||| |||| 00| 0 eng d |
| 041 ## - LANGUAGE CODE | |
| Language code of text/sound track or separate title | eng |
| 110 ## - MAIN ENTRY--CORPORATE NAME | |
| Corporate author | Cushman and Wakefield |
| 245 ## - TITLE STATEMENT | |
| Title | Demographic shifts |
| Subtitle | The word in 2030 |
| 260 ## - PUBLICATION INFORMATION | |
| Place of publication | London |
| Publisher | Cushman and Wakefield |
| Date | 2020 |
| 300 ## - PHYSICAL DESCRIPTION | |
| Physical description | 28p |
| 520 ## - ABSTRACT | |
| Abstract | Explains how the world is entering a decade of seismic demographic change. The Baby Boomers will leave the workforce and<br/>Generation X will march ever closer to retirement age, to be replaced by Generation Y (also known as Millennials) and Generation Z as the dominant generations in the workplace. The impacts of this will permeate through all facets of the real estate sector, from the composition ofthe workforce to how the nature of work changes; from where people live and work to how they shop and relax.<br/>While these trends will take place across countries, their most acute effects will be felt at the city and local levels. Provides an analysis of four key demographic issues: the aging of Baby Boomers; the progression of Millennials through the life course;the difference between Generation Z and Millennials and (4) the impacts on the world’s cities. Takes a global viewpoint and takes the perspectives of both occupiers and investors to identify opportunities and challenges that will be encountered by 2030.<br/> |
| 650 ## - KEYWORDS | |
| Keywords | Demographics |
| 650 ## - KEYWORDS | |
| Keywords | Millennials |
| 650 ## - KEYWORDS | |
| Keywords | Population |
| 650 ## - KEYWORDS | |
| Keywords | Workplace |
| 651 ## - SUBJECT ADDED ENTRY--GEOGRAPHIC NAME | |
| Geographic name | United Kingdom 1973 |
| 690 ## - BROAD SUBJECT | |
| 9 (RLIN) | 6238 |
| Broad subject | Environment |
| 942 ## - ADDED ENTRY ELEMENTS (KOHA) | |
| Suppress in OPAC | Do not suppress in OPAC |
| Lost status | Damaged status | Not for loan | Home library | Current library | Shelving location | Date acquired | Total Checkouts | Date last seen | Price effective from | Koha item type |
|---|---|---|---|---|---|---|---|---|---|---|
| Virtual | Virtual | Online | 05/02/2020 | 05/02/2020 | 05/02/2020 | Online material |